Transforming tribunals (Record no. 107702)

MARC details
000 -LEADER
fixed length control field 01452cad a22002295a 4500
001 - CONTROL NUMBER
control field L141579
008 - FIXED-LENGTH DATA ELEMENTS--GENERAL INFORMATION
fixed length control field 071203e20071128xxk f f000 0 eng d
035 ## - SYSTEM CONTROL NUMBER
System control number (Sirsi) u141579
041 0# - LANGUAGE CODE
Language code of text/sound track or separate title eng
050 04 - LIBRARY OF CONGRESS CALL NUMBER
Classification number 306.026 $2 18
110 1# - MAIN ENTRY--CORPORATE NAME
Corporate name or jurisdiction name as entry element United Kingdom
Subordinate unit Ministry of Justice
9 (RLIN) 5477
245 00 - TITLE STATEMENT
Title Transforming tribunals
Remainder of title implementing part 1 of the Tribunals, Courts and Enforcement Act 2007
Medium [electronic resource]
260 ## - PUBLICATION, DISTRIBUTION, ETC.
Place of publication, distribution, etc. London
Name of publisher, distributor, etc. Ministry of Justice
Date of publication, distribution, etc. 2007
520 ## - SUMMARY, ETC.
Summary, etc. Consultation paper describes the government's plans for implementing part 1 of the Tribunals, Courts and Enforcement Act 2007 (L139175). Details how the tribunal system will be organised and puts these plans within the context of ongoing tribunal reform. Seeks views on proposals for the First-Tier and Upper Tribunals created by the 2007 Act; the organisation of the Chambers in the new Tribunals; the assignment of judges throughout the Chambers; and the role of non-legal members within this structure. Responses are due by 22 February 2008.
521 1# - TARGET AUDIENCE NOTE
Target audience note Advanced
590 ## - LOCAL NOTE (RLIN)
Local note KA
650 24 - SUBJECT ADDED ENTRY--TOPICAL TERM
Topical term or geographic name entry element TRIBUNALS, COURTS AND ENFORCEMENT ACT 2007
651 #4 - SUBJECT ADDED ENTRY--GEOGRAPHIC NAME
Geographic name United Kingdom
Chronological subdivision
690 ## - LOCAL SUBJECT ADDED ENTRY--TOPICAL TERM (OCLC, RLIN)
Topical term or geographic name as entry element MANAGEMENT-DISPUTE AVOIDANCE, MANAGEMENT AND RESOLUTION-DISPUTE MANAGEMENT AND RESOLUTION-TRIBUNALS-RESIDENTIAL PROPERTY TRIBUNAL SERVICE
856 40 - ELECTRONIC LOCATION AND ACCESS
Uniform Resource Identifier <a href="https://www.justice.gov.uk/publications/cp3007.htm">https://www.justice.gov.uk/publications/cp3007.htm</a>
Public note View the consultation free of charge at www.justice.gov.uk...
942 ## - ADDED ENTRY ELEMENTS (KOHA)
Suppress in OPAC 0
Holdings
Withdrawn status Lost status Source of classification or shelving scheme Damaged status Not for loan Home library Current library Shelving location Date acquired Total Checkouts Full call number Barcode Date last seen Copy number Price effective from Koha item type
    Dewey Decimal Classification     Virtual Virtual Online 03/12/2007   ONLINE PUBLICATION 141579-1001 06/08/2019 1 06/08/2019 Book